000 00762nam a2200301Ia 4500
008 181129s9999 xx 000 0 und d
020 _a9781934876886
050 _bR646 2010
100 _aRoberts, Rachel
245 4 _aThe warlock diaries /
245 0 _cstory by Rachel Roberts ; art by Carmela "Shiei" Doneza & Edward Gan.
260 _aCanada :
260 _bSeven Seas,
260 _c2010
300 _aunpaged :
300 _billustrations ;
300 _c19cm.
440 _aAvalon : a Manga.
650 _aFriendship --
650 _aGraphic novels.
650 _aMagic.
650 _aWarlocks.
650 _xMiddle school.
700 _aDoneza, Carmela.
700 _aGan, Edward.
700 _aSeries.
700 _aTitle.
999 _c359491
_d359491